000 00607nam a2200193Ia 4500
001 14733
003 GE_BSU
008 181216s||||||||xx |||||||||||||| ||und||
040 _cGE_BSU
080 _aპერიოდიკა
245 _aУспехи современной биологии, Том 134. №6. Ноябрь-Декабрь. 2014.
245 _cГл.ред.И.А.Захаров-Гезечус и др.
260 _aМосква
260 _bНаука
260 _c2014
300 _a623стр.29см.
653 _aУспехи современной биологии
942 _cCR
999 _c47858
_d47858